| 000 | 01342cab a22002295a 4500 | ||
|---|---|---|---|
| 001 | E147418 | ||
| 008 | 090511s2009 xxu f 000 0 eng d | ||
| 035 | _a(Sirsi) u147418 | ||
| 041 | 0 | _aeng | |
| 050 | 0 | 4 | _a333.72 $2 18 |
| 100 | 1 | _aHouser, Trevor | |
| 245 | 0 | 0 |
_aEnergy efficiency in buildings _ba global economic perpective _h[electronic resource] |
| 260 |
_aWashington, DC _bPeterson Institute for International Economics _c2009 |
||
| 490 | 0 |
_aPeterson Institute for International Economics Policy Brief _vPB09-8 |
|
| 520 | _aPresents initial findings from an upcoming Peterson Institute for International Economics study on the economics of building efficiency. The study uses the model developed by the World Business Council for Sustainable Development as part of their Energy Efficiency in Buildings project to assess the costs involved in altering the global building stock to achieve the target of a 50% reduction in emissions set by the G8. The report also examines the policy options available to bring about this change. | ||
| 521 | _aAdvanced | ||
| 590 | _aKA | ||
| 651 | 4 | _aInternational | |
| 690 | _aENVIRONMENTAL AND LAND CONSULTANCY-ENERGY-ENERGY USE-ENERGY EFFICIENCY | ||
| 856 | 4 | 0 |
_uhttps://www.iie.com/publications/interstitial.cfm?ResearchID=1198 _zView the report free of charge at www.iie.com... |
| 942 | _n0 | ||
| 999 |
_c109548 _d109548 |
||